Statistics for Countries with the Most Dolphins in Aquariums

Click here to take the quiz!

General Stats

  • This quiz has been taken 63 times
  • The average score is 7 of 10

Answer Stats

#Country% Correct
400United States
98%
707China
93%
497Japan
93%
240Mexico
92%
37Australia
88%
146Russia
72%
104Spain
72%
81Cuba
35%
63Dominican Republic
30%
94Bahamas
28%

Score Distribution

Percentile by Number Answered

Percent of People with Each Score

Your Score History

You have not taken this quiz